25 Biggest Cities in Turkey - Statistics

General Stats
  • This quiz has been taken 232 times
  • The average score is 11 of 25
Answer Stats
Population City % Correct
3 515 000 Ankara
100%
11 175 000 Istanbul
100%
2 500 000 Izmir
96%
755 000 Antalya
89%
1 415 000 Bursa
85%
1 245 000 Adana
79%
875 000 Konya
78%
1 065 000 Gaziantep
70%
605 000 Samsun
63%
645 000 Diyarbakir
57%
535 000 Mersin
55%
590 000 Kayseri
54%
515 000 Eskisehir
49%
555 000 Denizli
39%
450 000 Sanliurfa
39%
440 000 Malatya
34%
580 000 Uskudar
5%
725 000 Bagcilar
4%
790 000 Cankaya
4%
520 000 Esenler
3%
575 000 Bahcelievler
2%
435 000 Sultangazi
2%
575 000 Umraniye
2%
460 000 Karabaglar
0%
450 000 Muratpasa
0%
No matching quizzes found
Score Distribution
Percent of People with Each Score
Percentile by Number Answered
Your Score History
You have not taken this quiz